[Event "Titled Tuesday intern op 11th Feb Early"]
[Site "Chess.com INT"]
[Date "2025.02.11"]
[Round "2"]
[White "Bodicky, Michal"]
[Black "Gulamirian, Korun"]
[Result "1-0"]
[WhiteElo "2160"]
[BlackElo "1890"]
[PlyCount "87"]
[EventDate "2025.02.11"]
[EventType "swiss (blitz)"]
[EventRounds "11"]
[EventCountry "USA"]
[SourceTitle "CB08_2025"]
[SourceDate "2025.02.19"]
[SourceVersion "1"]
[SourceVersionDate "2025.02.19"]
[SourceQuality "1"]

1. c4 Nf6 2. g3 e6 3. Bg2 d5 4. Nf3 c6 5. b3 Bd6 6. Bb2 Nbd7 7. 0-0 0-0 8. d3 Re8 9. Nc3 e5 10. cxd5 cxd5 11. Nb5 Bb8 12. e4 a6 13. Nc3 d4 14. Ne2 b5 15. Nd2 Nb6 16. f4 Ng4 17. Qc1 Ne3 18. Rf2 f6 19. Nf1 Ng4 20. Rf3 Bd6 21. h3 Nh6 22. Qe1 Be6 23. f5 Bd7 24. g4 Nf7 25. h4 a5 26. Neg3 a4 27. Nh5 a3 28. Bc1 Qe7 29. Bd2 Rec8 30. g5 Kh8 31. Nfg3 Rc2 32. Nxg7 Kxg7 33. Nh5+ Kh8 34. gxf6 Qd8 35. Qg3 Bf8 36. Bb4 Rac8 37. Qg4 Rc1+ 38. Rxc1 Rxc1+ 39. Kh2 Bh6 40. Rg3 Bc6 41. Be7 Qe8 42. Qg7+ Bxg7 43. fxg7+ Kg8 44. Nf6# 1-0

[Event "Titled Tuesday intern op 11th Feb Early"]
[Site "Chess.com INT"]
[Date "2025.02.11"]
[Round "3"]
[White "Bodicky, Michal"]
[Black "Mukhutdinov, Tigran"]
[Result "0-1"]
[WhiteElo "2160"]
[BlackElo "2272"]
[PlyCount "96"]
[EventDate "2025.02.11"]
[EventType "swiss (blitz)"]
[EventRounds "11"]
[EventCountry "USA"]
[SourceTitle "CB09_2025"]
[SourceDate "2025.02.27"]
[SourceVersion "1"]
[SourceVersionDate "2025.02.27"]
[SourceQuality "1"]

1. c4 Nf6 2. g3 e6 3. Bg2 d5 4. Nf3 c6 5. b3 g6 6. Bb2 Bg7 7. 0-0 0-0 8. d3 a5 9. a3 Nbd7 10. Nbd2 b6 11. e4 Bb7 12. Re1 dxe4 13. dxe4 Ng4 14. Bxg7 Kxg7 15. Qc2 Nge5 16. Nxe5 Nxe5 17. Nf3 Nxf3+ 18. Bxf3 e5 19. Rad1 Qe7 20. c5 Qxc5 21. Qxc5 bxc5 22. Rd7 Ba6 23. Rc1 c4 24. bxc4 Rfd8 25. Rc7 Rd3 26. Be2 Rxa3 27. Rxc6 Bb7 28. Rc5 Bxe4 29. Rxe5 Bc6 30. Re7 a4 31. Rc7 Bf3 32. Bf1 Rb3 33. c5 a3 34. Rxf7+ Kxf7 35. Bc4+ Ke7 36. Bxb3 Rb8 37. Bc4 Rb2 38. Ra1 Rc2 39. Bf1 a2 40. h3 Rb2 41. g4 Bd5 42. Bd3 Rb3 43. Bc2 Rb2 44. Bd3 Kd7 45. Rc1 Kc7 46. h4 Rd2 47. Bf1 Bb3 48. Ra1 Rd1 0-1

[Event "Titled Tuesday intern op 11th Feb Early"]
[Site "Chess.com INT"]
[Date "2025.02.11"]
[Round "1"]
[White "Henriquez Villagra, Cristobal"]
[Black "Bodicky, Michal"]
[Result "1-0"]
[WhiteElo "2597"]
[BlackElo "2160"]
[PlyCount "57"]
[EventDate "2025.02.11"]
[EventType "swiss (blitz)"]
[EventRounds "11"]
[EventCountry "USA"]
[SourceTitle "CB08_2025"]
[SourceDate "2025.02.19"]
[SourceVersion "1"]
[SourceVersionDate "2025.02.19"]
[SourceQuality "1"]

1. d4 Nf6 2. Nd2 d5 3. e3 Bf5 4. Ngf3 e6 5. Be2 h6 6. c4 c6 7. Qb3 Qb6 8. c5 Qc7 9. Qc3 Nbd7 10. b4 Ne4 11. Nxe4 Bxe4 12. 0-0 Be7 13. a4 Bxf3 14. Bxf3 e5 15. Rb1 0-0 16. b5 exd4 17. exd4 Bg5 18. Bxg5 hxg5 19. Qd2 Qd8 20. bxc6 bxc6 21. Rb7 Re8 22. Rfb1 Nf8 23. g3 Ne6 24. Bg4 Nf8 25. Qd3 Qa5 26. Kg2 Re4 27. Qf3 f6 28. Rxg7+ Kxg7 29. Rb7+ 1-0

[Event "Titled Tuesday intern op 04th Feb Early"]
[Site "Chess.com INT"]
[Date "2025.02.04"]
[Round "3"]
[White "Aliyev, Ravan"]
[Black "Bodicky, Michal"]
[Result "0-1"]
[WhiteElo "2365"]
[BlackElo "2160"]
[PlyCount "134"]
[EventDate "2025.02.04"]
[EventType "swiss (blitz)"]
[EventRounds "11"]
[EventCountry "USA"]
[SourceTitle "CB07_2025"]
[SourceDate "2025.02.12"]
[SourceVersion "1"]
[SourceVersionDate "2025.02.12"]
[SourceQuality "1"]

1. d4 c5 2. e3 cxd4 3. exd4 d5 4. Nf3 Nf6 5. h3 Bf5 6. c3 e6 7. Bd3 Bxd3 8. Qxd3 Bd6 9. Bg5 Nbd7 10. Nbd2 h6 11. Bxf6 Nxf6 12. 0-0 0-0 13. Rfe1 Rc8 14. Nf1 Ne4 15. N3d2 Nxd2 16. Qxd2 Qh4 17. Qd3 a6 18. a4 Rc4 19. Ne3 Rc6 20. Ng4 Rfc8 21. Ne5 Bxe5 22. Rxe5 Rb6 23. Re2 Rb3 24. Qd1 Rb6 25. Kh2 Qf4+ 26. g3 Qf3 27. Qd2 Rb3 28. Re3 Qf6 29. Kg2 Qd8 30. Re2 Rc4 31. h4 Qa5 32. Qd1 Qb6 33. Ra2 h5 34. Rd2 g6 35. Re2 Kf8 36. Rd2 Kg7 37. Qe2 Qc7 38. Qd1 Rb6 39. Re2 Rd6 40. Qd3 b5 41. axb5 axb5 42. Ra8 Rd8 43. Rxd8 Qxd8 44. b3 Rc7 45. Re3 Qb8 46. Rf3 b4 47. Qe3 Rxc3 48. Qg5 Rxf3 49. Kxf3 f6 50. Qe3 Qb6 51. Qd3 Kf7 52. g4 hxg4+ 53. Kxg4 Qc6 54. h5 gxh5+ 55. Kxh5 f5 56. Kg5 Qc3 57. Qb5 Qd2+ 58. Kh5 Qxd4 59. Qd7+ Kf6 60. Qd8+ Ke5 61. Qc7+ Ke4 62. Qg3 Qd1+ 63. Kg5 Qg4+ 64. Qxg4+ fxg4 65. Kxg4 d4 66. Kg5 d3 67. Kf6 d2 0-1

[Event "Titled Tuesday intern op 04th Feb Early"]
[Site "Chess.com INT"]
[Date "2025.02.04"]
[Round "9"]
[White "Bodicky, Michal"]
[Black "Shuvalov, Evgenij"]
[Result "1-0"]
[WhiteElo "2160"]
[BlackElo "2000"]
[PlyCount "95"]
[EventDate "2025.02.04"]
[EventType "swiss (blitz)"]
[EventRounds "11"]
[EventCountry "USA"]
[SourceTitle "CB07_2025"]
[SourceDate "2025.02.12"]
[SourceVersion "1"]
[SourceVersionDate "2025.02.12"]
[SourceQuality "1"]

1. c4 Nf6 2. g3 c6 3. Bg2 d5 4. Nf3 g6 5. 0-0 Bg7 6. cxd5 cxd5 7. d4 0-0 8. Nc3 Bf5 9. Qb3 Qb6 10. Qxb6 axb6 11. Bf4 Nc6 12. Nb5 Ra5 13. a4 Bc2 14. Nc3 Ne4 15. Nxe4 dxe4 16. Ne1 Nxd4 17. Nxc2 Nxc2 18. Rac1 Nd4 19. Rfe1 f5 20. Rc7 e5 21. Bd2 Rxa4 22. Rxb7 b5 23. Bf1 Ra2 24. Rc1 Rf7 25. Rb8+ Bf8 26. Rcc8 Kg7 27. Bc3 Ra1 28. Kg2 Bd6 29. Rb6 Rd7 30. e3 Nf3 31. Be2 Rg1+ 32. Kh3 Kf7 33. Bxf3 exf3 34. Rxb5 e4 35. Rd5 Ke6 36. Rd2 Rg2 37. Rc6 g5 38. Bb4 g4+ 39. Kh4 h6 40. Kh5 Rxh2+ 41. Kg6 Rxf2 42. Rxf2 Kd5 43. Rxd6+ Rxd6+ 44. Bxd6 Kxd6 45. Kxf5 h5 46. Kxe4 h4 47. gxh4 Ke6 48. Kf4 1-0

[Event "Titled Tuesday intern op 04th Feb Early"]
[Site "Chess.com INT"]
[Date "2025.02.04"]
[Round "7"]
[White "Bodicky, Michal"]
[Black "Zmijanac, Dusko"]
[Result "1-0"]
[WhiteElo "2160"]
[BlackElo "1984"]
[PlyCount "71"]
[EventDate "2025.02.04"]
[EventType "swiss (blitz)"]
[EventRounds "11"]
[EventCountry "USA"]
[SourceTitle "CB07_2025"]
[SourceDate "2025.02.12"]
[SourceVersion "1"]
[SourceVersionDate "2025.02.12"]
[SourceQuality "1"]

1. c4 e5 2. g3 Nc6 3. Bg2 d6 4. Nc3 Be6 5. b3 Qd7 6. e3 g6 7. h4 h6 8. Nge2 Bg7 9. Bb2 Nge7 10. d4 exd4 11. exd4 d5 12. 0-0 dxc4 13. bxc4 Bxc4 14. d5 Ne5 15. Ne4 Bxd5 16. Qc2 0-0 17. Nf4 c6 18. Rfe1 Rad8 19. Nc5 Qc7 20. Nxb7 Qxb7 21. Bxe5 Bxg2 22. Bxg7 Kxg7 23. Rab1 Qd7 24. Kxg2 Nd5 25. Nd3 Qf5 26. Qb2+ Kh7 27. Ne5 Rb8 28. Qxb8 Rxb8 29. Rxb8 Qe6 30. Rb7 Ne7 31. Nf3 Qxa2 32. Rexe7 Kg7 33. Rxa7 Qb3 34. Rxf7+ Qxf7 35. Rxf7+ Kxf7 36. Ne5+ 1-0

[Event "Titled Tuesday intern op 04th Feb Early"]
[Site "Chess.com INT"]
[Date "2025.02.04"]
[Round "8"]
[White "Kreken, Eivind Grunt"]
[Black "Bodicky, Michal"]
[Result "1-0"]
[WhiteElo "2285"]
[BlackElo "2160"]
[PlyCount "111"]
[EventDate "2025.02.04"]
[EventType "swiss (blitz)"]
[EventRounds "11"]
[EventCountry "USA"]
[SourceTitle "CB07_2025"]
[SourceDate "2025.02.12"]
[SourceVersion "1"]
[SourceVersionDate "2025.02.12"]
[SourceQuality "1"]

1. e4 c5 2. Nf3 e6 3. d4 cxd4 4. Nxd4 a6 5. c4 Qc7 6. Nc3 Nf6 7. a3 Be7 8. Be2 0-0 9. 0-0 d6 10. Be3 Nbd7 11. Rc1 b6 12. Qd2 Bb7 13. f3 Rac8 14. Rfd1 Qb8 15. b4 Ne5 16. Na4 Nfd7 17. Kh1 Rfd8 18. Bf1 Bf8 19. Qf2 Ba8 20. b5 a5 21. Nb3 Nc5 22. Nbxc5 dxc5 23. Qe2 Bd6 24. Rd2 Ng6 25. Rcd1 Be5 26. g3 f5 27. Bg2 fxe4 28. fxe4 Qc7 29. Qg4 Nf8 30. Kg1 Rxd2 31. Rxd2 Rd8 32. Qd1 Re8 33. Qg4 Bb7 34. Qd1 Re7 35. Kh1 Rf7 36. Rd8 Bf6 37. Rd2 Rd7 38. Rxd7 Nxd7 39. Qg4 Qd6 40. h4 Ne5 41. Qe2 h6 42. Kh2 Qd7 43. Kh3 Qc7 44. Bf4 Qd8 45. h5 Nd3 46. Be3 Ne5 47. Kh2 Nf7 48. Kg1 Ng5 49. Bf4 e5 50. Bc1 Qd4+ 51. Be3 Qa1+ 52. Kh2 Qxa3 53. Nxb6 Nxe4 54. Nd7 Be7 55. Nxe5 Qc3 56. Bf4 1-0

[Event "Titled Tuesday intern op 28th Jan Early"]
[Site "Chess.com INT"]
[Date "2025.01.28"]
[Round "11"]
[White "Bodicky, Michal"]
[Black "Huschenbeth, Niclas"]
[Result "1-0"]
[WhiteElo "2170"]
[BlackElo "2596"]
[PlyCount "77"]
[EventDate "2025.01.28"]
[EventType "swiss (blitz)"]
[EventRounds "11"]
[EventCountry "USA"]
[SourceTitle "CB06_2025"]
[SourceDate "2025.02.05"]
[SourceVersion "1"]
[SourceVersionDate "2025.02.05"]
[SourceQuality "1"]

1. e4 c5 2. Nf3 d6 3. Be2 Nf6 4. d3 g6 5. 0-0 Bg7 6. c3 0-0 7. Nbd2 Nc6 8. a3 e5 9. b4 b6 10. Rb1 Re8 11. Qc2 h5 12. Nc4 b5 13. Ne3 cxb4 14. axb4 d5 15. Nxd5 Nxd5 16. exd5 Qxd5 17. c4 Qd7 18. cxb5 Ne7 19. d4 exd4 20. Rd1 Bb7 21. Bf4 Nd5 22. Bg3 Nc3 23. Qxc3 dxc3 24. Rxd7 Rxe2 25. Rxb7 c2 26. Rc1 Bh6 27. Kf1 Bxc1 28. Kxe2 Bh6 29. Rc7 c1Q 30. Rxc1 Bxc1 31. Nd4 Rd8 32. Nc6 Rd7 33. Bb8 Ba3 34. Bxa7 Bxb4 35. b6 Bc3 36. Bb8 Kf8 37. Bc7 Rd5 38. b7 Rd3 39. Kxd3 1-0

[Event "Titled Tuesday intern op 28th Jan Early"]
[Site "Chess.com INT"]
[Date "2025.01.28"]
[Round "7"]
[White "Bodicky, Michal"]
[Black "Sahin, Sarp"]
[Result "1-0"]
[WhiteElo "2170"]
[BlackElo "2061"]
[PlyCount "113"]
[EventDate "2025.01.28"]
[EventType "swiss (blitz)"]
[EventRounds "11"]
[EventCountry "USA"]
[SourceTitle "CB06_2025"]
[SourceDate "2025.02.05"]
[SourceVersion "1"]
[SourceVersionDate "2025.02.05"]
[SourceQuality "1"]

1. Nf3 Nf6 2. c4 c5 3. g3 Nc6 4. Bg2 g6 5. 0-0 Bg7 6. d4 cxd4 7. Nxd4 Nxd4 8. Qxd4 d6 9. Nc3 0-0 10. Rd1 a6 11. Qd3 Bf5 12. e4 Be6 13. Nd5 Bxd5 14. exd5 Rc8 15. Be3 Qc7 16. Rac1 Nd7 17. Bh3 Ne5 18. Qe2 f5 19. b3 Kh8 20. Bd4 Rcd8 21. Bg2 f4 22. Be4 f3 23. Qe3 Qd7 24. Bxe5 Bxe5 25. Bxf3 Kg7 26. Bg2 Qf5 27. f4 Bf6 28. Qe4 Qc8 29. Re1 Qc5+ 30. Kh1 b5 31. cxb5 Qxb5 32. Bf1 Qa5 33. Re2 Rc8 34. Rec2 Rxc2 35. Rxc2 Qb6 36. h4 Qb7 37. Bd3 Rc8 38. h5 Rxc2 39. Bxc2 Qc8 40. Kg2 Qc3 41. hxg6 h5 42. Qd3 Qe1 43. Qd1 Qe3 44. Qd3 Qc1 45. Bd1 Qb2+ 46. Be2 h4 47. g4 Qd4 48. g5 Bxg5 49. Qxd4+ Bf6 50. Qe4 Kh6 51. Kh3 Kg7 52. Kg4 Kh6 53. Qf5 Kg7 54. Kh5 a5 55. Qe6 h3 56. Qf7+ Kh8 57. Qf8# 1-0

[Event "Titled Tuesday intern op 12th Mar Late"]
[Site "Chess.com INT"]
[Date "2024.03.12"]
[Round "2"]
[White "Bodicky, Michal"]
[Black "Vincenti, Leonardo"]
[Result "0-1"]
[WhiteElo "2212"]
[BlackElo "2166"]
[PlyCount "98"]
[EventDate "2024.03.12"]
[EventType "swiss (blitz)"]
[EventRounds "11"]
[EventCountry "USA"]
[SourceTitle "CBM 219 Extra"]
[Source "ChessBase"]
[SourceDate "2024.05.31"]
[SourceVersion "1"]
[SourceVersionDate "2024.05.31"]
[SourceQuality "1"]

1. c4 e6 2. g3 Nf6 3. Bg2 Be7 4. Nf3 0-0 5. 0-0 d5 6. b3 b6 7. d4 Bb7 8. cxd5 Nxd5 9. Re1 Nd7 10. e4 N5f6 11. Qc2 c5 12. e5 Nd5 13. Nc3 Nxc3 14. Qxc3 cxd4 15. Nxd4 Bxg2 16. Kxg2 Nc5 17. Be3 Qd5+ 18. Nf3 Rac8 19. Rad1 Qb7 20. Qb2 Ne4 21. h4 Bb4 22. Re2 Nc3 23. Red2 Nxd1 24. Rxd1 Rfd8 25. Rxd8+ Rxd8 26. Qe2 Bc5 27. Bf4 h6 28. Kh3 Qd5 29. g4 Qd3 30. Qxd3 Rxd3 31. Kg2 Rc3 32. Nd2 Rc2 33. a4 Bd4 34. Kf3 Bxe5 35. Bxe5 Rxd2 36. Bb8 Rd3+ 37. Ke4 Rxb3 38. Bxa7 Rb4+ 39. Kf3 Rxa4 40. Bxb6 g6 41. Be3 h5 42. gxh5 gxh5 43. Kg3 Kg7 44. Bg5 Kg6 45. Be3 Kf5 46. Bg5 Rg4+ 47. Kh3 Ke4 48. Bf6 Kf3 49. Bd4 Rxd4 0-1

[Event "Titled Tuesday intern op 05th Mar Late"]
[Site "Chess.com INT"]
[Date "2024.03.05"]
[Round "1"]
[White "Batsuren, Dambasuren"]
[Black "Bodicky, Michal"]
[Result "1-0"]
[WhiteElo "2515"]
[BlackElo "2212"]
[PlyCount "65"]
[EventDate "2024.03.05"]
[EventType "swiss (blitz)"]
[EventRounds "11"]
[EventCountry "USA"]
[SourceTitle "EXT 2025"]
[Source "ChessBase"]
[SourceDate "2024.10.14"]
[SourceVersion "1"]
[SourceVersionDate "2024.10.14"]
[SourceQuality "1"]

1. c4 Nf6 2. g3 e6 3. Bg2 d5 4. Nf3 Be7 5. 0-0 0-0 6. d4 dxc4 7. Qc2 Nbd7 8. Nbd2 c5 9. Nxc4 cxd4 10. Nxd4 Nb6 11. Nxb6 Qxb6 12. Nb3 e5 13. Be3 Qb4 14. Bc5 Bxc5 15. Qxc5 Qxc5 16. Nxc5 Rb8 17. Rac1 b6 18. Nd3 e4 19. Nb4 Be6 20. Nc6 Rbc8 21. Ne7+ Kh8 22. Nxc8 Rxc8 23. Rxc8+ Bxc8 24. Rd1 Bd7 25. Bxe4 g6 26. Bc6 Be6 27. a3 Kg7 28. f3 Ng8 29. Bd5 Bf5 30. e4 Bc8 31. Rc1 Bd7 32. Rc7 Nf6 33. Rxa7 1-0

[Event "Titled Tuesday intern op 05th Mar Early"]
[Site "Chess.com INT"]
[Date "2024.03.05"]
[Round "6"]
[White "Eynullayev, Atilla Elshan"]
[Black "Bodicky, Michal"]
[Result "1-0"]
[WhiteElo "2265"]
[BlackElo "2212"]
[PlyCount "153"]
[EventDate "2024.03.05"]
[EventType "swiss (blitz)"]
[EventRounds "11"]
[EventCountry "USA"]
[SourceTitle "EXT 2025"]
[Source "ChessBase"]
[SourceDate "2024.10.14"]
[SourceVersion "1"]
[SourceVersionDate "2024.10.14"]
[SourceQuality "1"]

1. e4 c5 2. Nf3 d6 3. d4 cxd4 4. Nxd4 Nf6 5. Nc3 a6 6. Be2 e6 7. 0-0 Be7 8. f4 Qb6 9. Kh1 e5 10. fxe5 dxe5 11. Nf5 Bxf5 12. Rxf5 Nc6 13. Nd5 Qd8 14. Bg5 Nxe4 15. Bxe7 Nxe7 16. Nxe7 Qxe7 17. Qd5 Nf6 18. Qxe5 Rd8 19. Bf3 Qxe5 20. Rxe5+ Kf8 21. Bxb7 Rb8 22. Bxa6 Rxb2 23. Bd3 g6 24. a4 Kg7 25. a5 Nd7 26. Rd5 Rhb8 27. h3 Nf6 28. Rc5 Nd7 29. Rc7 Ne5 30. a6 Nxd3 31. cxd3 Rb1+ 32. Rxb1 Rxb1+ 33. Kh2 Ra1 34. a7 Kf6 35. Kg3 h5 36. Kf4 Ke6 37. Ke4 f6 38. d4 Ra4 39. Rb7 Kd6 40. Kd3 Kd5 41. Rd7+ Kc6 42. Rg7 Kd5 43. Rxg6 Rxa7 44. Rxf6 Ra3+ 45. Ke2 Kxd4 46. Rf5 h4 47. Rf4+ Ke5 48. Rxh4 Kf5 49. Rg4 Rb3 50. Kf2 Rc3 51. Rg8 Rb3 52. Rf8+ Kg5 53. Kg1 Kh4 54. Kh2 Rb2 55. Rf4+ Kg5 56. Ra4 Rb3 57. h4+ Kh5 58. g3 Rc3 59. Kh3 Rb3 60. Ra5+ Kg6 61. h5+ Kh6 62. Kh4 Rb4+ 63. g4 Kg7 64. Ra6 Kh7 65. h6 Rb5 66. Rf6 Rc5 67. g5 Kg8 68. g6 Rb5 69. Ra6 Rb4+ 70. Kg5 Rb5+ 71. Kf4 Rb4+ 72. Ke5 Rb5+ 73. Ke6 Rb8 74. Rd6 Re8+ 75. Kd7 Ra8 76. Ke7 Ra7+ 77. Rd7 1-0

[Event "Titled Tuesday intern op 20th Feb Early"]
[Site "Chess.com INT"]
[Date "2024.02.20"]
[Round "6"]
[White "Goncharov, Vladimir"]
[Black "Bodicky, Michal"]
[Result "1-0"]
[WhiteElo "2077"]
[BlackElo "2218"]
[PlyCount "93"]
[EventDate "2024.02.20"]
[EventType "swiss (blitz)"]
[EventRounds "11"]
[EventCountry "USA"]
[SourceTitle "EXT 2025"]
[Source "ChessBase"]
[SourceDate "2024.10.14"]
[SourceVersion "1"]
[SourceVersionDate "2024.10.14"]
[SourceQuality "1"]

1. d4 Nf6 2. c4 e6 3. Nf3 d5 4. Nc3 Bb4 5. Qa4+ Nc6 6. e3 0-0 7. Qc2 b6 8. a3 Bxc3+ 9. Qxc3 Ne4 10. Qc2 Ne7 11. Bd3 Bb7 12. 0-0 f5 13. b4 dxc4 14. Bxc4 Nd5 15. Ne5 Qh4 16. f3 Nd6 17. Bd3 Rf6 18. Qf2 Qh5 19. Bd2 Rh6 20. h3 Rf6 21. Rac1 Nf7 22. Nxf7 Qxf7 23. b5 a6 24. a4 axb5 25. Bxb5 Qh5 26. Qe2 Raf8 27. Bc6 Bxc6 28. Rxc6 Rg6 29. Kh2 f4 30. e4 Nf6 31. Rxe6 Qg5 32. d5 Qg3+ 33. Kh1 Rh6 34. Qf2 Rxh3+ 35. gxh3 Qxh3+ 36. Kg1 Nh5 37. Qg2 Qh4 38. Qg4 Qxg4+ 39. fxg4 Ng3 40. Re1 g5 41. Re7 f3 42. Kf2 Ne2 43. Bxg5 Nd4 44. Bh6 Rf6 45. g5 Rf4 46. Rg1 Ne2 47. Rf1 1-0

[Event "Titled Tuesday intern op 06th Feb Early"]
[Site "Chess.com INT"]
[Date "2024.02.06"]
[Round "9"]
[White "Skotheim, Andreas"]
[Black "Bodicky, Michal"]
[Result "1-0"]
[WhiteElo "2209"]
[BlackElo "2218"]
[PlyCount "75"]
[EventDate "2024.02.06"]
[EventType "swiss (blitz)"]
[EventRounds "11"]
[EventCountry "USA"]
[SourceTitle "CBM 218 Extra"]
[Source "ChessBase"]
[SourceDate "2024.03.31"]
[SourceVersion "1"]
[SourceVersionDate "2024.03.31"]
[SourceQuality "1"]

1. Nf3 Nf6 2. e3 e6 3. b3 b6 4. Bb2 Bb7 5. Be2 Be7 6. 0-0 0-0 7. d3 a5 8. a3 a4 9. b4 c5 10. b5 d5 11. Nbd2 Qe8 12. Rb1 Nbd7 13. Re1 Bd6 14. Bf1 e5 15. e4 Qb8 16. g3 Ra5 17. Bc3 Ra7 18. Bb2 Ra5 19. exd5 Bxd5 20. c4 Ba8 21. Bg2 Re8 22. Ne4 Nxe4 23. dxe4 Nf6 24. Nh4 g6 25. Qd2 Be7 26. Rbd1 Ra7 27. Qc3 Bf8 28. Nf3 Rae7 29. Qc2 Rd8 30. Nd2 Red7 31. Bc3 Bh6 32. f4 exf4 33. Bxf6 Rxd2 34. Rxd2 Rxd2 35. Qxd2 Qe8 36. gxf4 Bf8 37. e5 Qe6 38. Bxa8 1-0

[Event "Titled Tuesday intern op 30th Jan Early"]
[Site "Chess.com INT"]
[Date "2024.01.30"]
[Round "3"]
[White "Kunal, M."]
[Black "Bodicky, Michal"]
[Result "0-1"]
[WhiteElo "2250"]
[BlackElo "2207"]
[PlyCount "70"]
[EventDate "2024.01.30"]
[EventType "swiss (blitz)"]
[EventRounds "11"]
[EventCountry "USA"]
[SourceTitle "EXT 2025"]
[Source "ChessBase"]
[SourceDate "2024.10.14"]
[SourceVersion "1"]
[SourceVersionDate "2024.10.14"]
[SourceQuality "1"]

1. e4 c5 2. Nf3 d6 3. Bb5+ Bd7 4. Bxd7+ Nxd7 5. 0-0 Ngf6 6. Qe2 e6 7. c4 e5 8. d3 Be7 9. Nc3 0-0 10. a3 Nb8 11. b4 Nc6 12. Rb1 Nd4 13. Nxd4 cxd4 14. Nd5 Nxd5 15. exd5 f5 16. f3 Bg5 17. Bxg5 Qxg5 18. f4 Qe7 19. fxe5 dxe5 20. c5 e4 21. d6 Qe6 22. Rbd1 e3 23. Ra1 a5 24. Qb2 Qd5 25. Rf4 axb4 26. Rxd4 bxa3 27. Qc3 Qe5 28. d7 e2 29. Re1 a2 30. Kf2 a1Q 31. Rxa1 Rxa1 32. Qxa1 e1Q+ 33. Qxe1 Qxd4+ 34. Qe3 Qxe3+ 35. Kxe3 Rd8 0-1

[Event "Titled Tuesday intern op 30th Jan Early"]
[Site "Chess.com INT"]
[Date "2024.01.30"]
[Round "5"]
[White "Navarrete Mendez, Gonzalo Alberto"]
[Black "Bodicky, Michal"]
[Result "1-0"]
[WhiteElo "2189"]
[BlackElo "2207"]
[PlyCount "45"]
[EventDate "2024.01.30"]
[EventType "swiss (blitz)"]
[EventRounds "11"]
[EventCountry "USA"]
[SourceTitle "EXT 2025"]
[Source "ChessBase"]
[SourceDate "2024.10.14"]
[SourceVersion "1"]
[SourceVersionDate "2024.10.14"]
[SourceQuality "1"]

1. e4 c5 2. Nf3 d6 3. Nc3 Nc6 4. d4 cxd4 5. Nxd4 Nf6 6. Bc4 Qb6 7. Ndb5 a6 8. Be3 Qa5 9. Nd4 e6 10. 0-0 Be7 11. Bb3 Bd7 12. f4 Qh5 13. Nf3 Ng4 14. Bb6 0-0 15. h3 Nf6 16. Qe1 Rfe8 17. Rd1 d5 18. e5 d4 19. exf6 Bxf6 20. Nxd4 Nxd4 21. Bxd4 Bxd4+ 22. Rxd4 Qc5 23. Qf2 1-0

[Event "Titled Tuesday intern op 30th Jan Early"]
[Site "Chess.com INT"]
[Date "2024.01.30"]
[Round "8"]
[White "Spitzl, Vinzent"]
[Black "Bodicky, Michal"]
[Result "0-1"]
[WhiteElo "2365"]
[BlackElo "2207"]
[PlyCount "50"]
[EventDate "2024.01.30"]
[EventType "swiss (blitz)"]
[EventRounds "11"]
[EventCountry "USA"]
[SourceTitle "EXT 2025"]
[Source "ChessBase"]
[SourceDate "2024.10.14"]
[SourceVersion "1"]
[SourceVersionDate "2024.10.14"]
[SourceQuality "1"]

1. e4 c5 2. Nf3 d6 3. d4 cxd4 4. Nxd4 Nf6 5. Nc3 Nc6 6. Bg5 e6 7. Qd2 a6 8. 0-0-0 Be7 9. h4 Bd7 10. f3 Nxd4 11. Qxd4 b5 12. a3 Qc7 13. Qd2 0-0 14. h5 h6 15. Be3 Rfc8 16. g4 b4 17. axb4 a5 18. b5 a4 19. g5 a3 20. gxf6 axb2+ 21. Kxb2 Qa5 22. Nb1 Bxf6+ 23. Bd4 Bxd4+ 24. Qxd4 Qa2+ 25. Kc1 Qxc2# 0-1

[Event "Titled Tuesday intern op 23rd Jan Late"]
[Site "Chess.com INT"]
[Date "2024.01.23"]
[Round "3"]
[White "Bodicky, Michal"]
[Black "Souza Neves, Andrey Marcelo"]
[Result "1-0"]
[WhiteElo "2207"]
[BlackElo "2129"]
[PlyCount "129"]
[EventDate "2024.01.23"]
[EventType "swiss (blitz)"]
[EventRounds "11"]
[EventCountry "USA"]
[SourceTitle "CBM 218 Extra"]
[Source "ChessBase"]
[SourceDate "2024.03.31"]
[SourceVersion "1"]
[SourceVersionDate "2024.03.31"]
[SourceQuality "1"]

1. c4 e6 2. g3 d5 3. Bg2 Nf6 4. Nf3 dxc4 5. Qa4+ Bd7 6. Qxc4 Bc6 7. 0-0 Be7 8. d4 0-0 9. Nc3 a6 10. Bf4 b5 11. Qb3 b4 12. Na4 Nd5 13. Bd2 Bb5 14. Rfe1 Qe8 15. Nc5 Bxc5 16. dxc5 Nc6 17. e4 Nf6 18. Bg5 Nd7 19. Qc2 h6 20. Bf4 e5 21. Be3 Qe6 22. Rad1 Rfd8 23. b3 a5 24. h4 a4 25. Kh2 axb3 26. axb3 Ra3 27. Bh3 Qe7 28. Rd2 Nf6 29. Rxd8+ Qxd8 30. Rd1 Qe7 31. Bc1 Ra8 32. Be3 Rd8 33. Rd2 Rxd2 34. Qxd2 Nd4 35. Nxd4 exd4 36. Qxd4 Qxe4 37. Qxe4 Nxe4 38. Bg2 Nc3 39. Bd2 Kf8 40. f4 Ke7 41. Bf3 Kd7 42. Kg1 Bc6 43. Kf2 Bxf3 44. Kxf3 Kc6 45. Be3 Nd5 46. Bd4 f6 47. Ke4 Ne7 48. h5 Kb5 49. g4 c6 50. g5 fxg5 51. fxg5 hxg5 52. Bxg7 Kxc5 53. h6 Ng6 54. Kf5 g4 55. Kxg6 g3 56. Be5 g2 57. Bh2 Kd4 58. h7 c5 59. h8Q+ Kd3 60. Qg8 Ke2 61. Qc4+ Kf2 62. Qxc5+ Kf3 63. Bg1 Ke2 64. Qe3+ Kf1 65. Qf2# 1-0

[Event "Titled Tuesday intern op 23rd Jan Late"]
[Site "Chess.com INT"]
[Date "2024.01.23"]
[Round "10"]
[White "Shapiro, Viktor"]
[Black "Bodicky, Michal"]
[Result "1-0"]
[WhiteElo "2113"]
[BlackElo "2207"]
[PlyCount "95"]
[EventDate "2024.01.23"]
[EventType "swiss (blitz)"]
[EventRounds "11"]
[EventCountry "USA"]
[SourceTitle "CBM 218 Extra"]
[Source "ChessBase"]
[SourceDate "2024.03.31"]
[SourceVersion "1"]
[SourceVersionDate "2024.03.31"]
[SourceQuality "1"]

1. c4 Nf6 2. Nc3 e6 3. g3 d5 4. Bg2 Be7 5. Nf3 0-0 6. 0-0 Nbd7 7. d3 c6 8. b3 a5 9. Bb2 e5 10. cxd5 cxd5 11. Nb5 Qb6 12. a4 e4 13. Nfd4 Nc5 14. Ba3 Bg4 15. h3 Bd7 16. Rc1 Rac8 17. g4 h6 18. Nf5 Bxf5 19. gxf5 Rfe8 20. d4 Nxa4 21. bxa4 Bxa3 22. Rxc8 Rxc8 23. Nxa3 Qb4 24. Nb5 Rc4 25. e3 Qxa4 26. Qxa4 Rxa4 27. Rb1 Rb4 28. Rxb4 axb4 29. Kf1 Ne8 30. Ke2 Kf8 31. f3 exf3+ 32. Bxf3 Nf6 33. Kd3 Ke7 34. Kc2 g6 35. fxg6 fxg6 36. Kb3 Ke6 37. Kxb4 h5 38. Kc5 g5 39. Nc7+ Kf5 40. Nxd5 Ne4+ 41. Kb6 Nf2 42. Kxb7 Nxh3 43. Bxh5 g4 44. Kc6 Kg5 45. Bxg4 Kxg4 46. e4 Ng5 47. Nc3 Kf4 48. Kd5 1-0